{"text_format":"3","workbook":"xlsx","n_sheets":1,"sheets":["Sheet1"],"read":"whole","date_system":"1900"}

{"sheet":"Sheet1","index":0,"n_rows":9,"n_cols":94,"rows_kept":9}
["选择列","物资唯一码（批次编码）","编制人中文","审批状态","审批状态描述","审批意见","需求物料编码","物料描述","物料扩展编码","物料扩展描述","大类描述","中类描述","小类描述","单位","工程电压等级","规格型号及技术参数","物料组","标准物料","需求数量","计划编号","行项目号","国网退回时间","省公司批准时间","市公司批准时间","省公司退回时间","市公司退回时间","计划批次","计划批次名称","招标模式","采购方式","紧急标识","计划类型","计划类型描述","项目编码","项目名称","工程编号","工程名称","工程性质","项目二级分类","项目二级分类描述","三级分类","三级分类描述","建设性质","可研批复文号","技术规范书编号","产权属性","产权属性描述","原始资产属性","资金属性","资金属性描述","市级属地","项目类型","项目类型描述","项目列帐单位编码","项目列帐单位描述","项目投运时间","概算单价（元）","概算总价（元）","交货日期","交货地点","平衡利库审批建议","物料冻结凭证号","物料冻结凭证年度","计划提交日期","计划编制日期","编制人","联系电话","分机号","需求计划备注","前期厂家","是否框架","框架类型","是否通过设计平台设计","是否典设","合同变更类型","合同草稿号","合同行项目","电子商务平台技术规范书ID","技术ID状态","仓管员(调入方)","联系电话(调入方)","物资唯一码(调出方)","工厂(调出方)","库存地点(调出方)","仓管员(调出方)","联系电话(调出方)","转储订单号","转储订单行项目","利库冻结库存","汇总人","审批人","物资部门备注原因","项目归并标识","上传状态"]
["false","2502L00042","姜煜","14","市-已审批-不平衡利库","","500142738","铁塔,AC110kV,通用,角钢,Q355(Q345),常规塔","1","防盗螺栓高度:15m","装置性材料","杆塔类","铁塔","吨","110kV","","G1401005","1",{"v":38,"d":"38.000"},"16011613","10",null,null,"2025-02-11",null,null,"SG2504","国家电网有限公司2025年第十三批采购（输变电项目第二次线路装置性材料招标采购）","总部直接组织实施","招标采购","","ZPA","JSEPC项目物资采购计划","411051240015","国网江苏镇江丹阳110kV丹联726线24#拉线塔修理","4110512400150010000000","国网江苏镇江丹阳110kV丹联726线24#拉线塔修理","(空)","B1","生产方向","Z212","电网检修专项-输电检修","修理","/","","02","省网","","02","成本性","镇江","B","专项成本性项目","01L1","丹阳市供电公司/国网",null,{"v":7219,"d":"7,219.00"},{"v":274322,"d":"274,322.00"},"2025-09-07","材料站现场车板交货","","","","2025-02-07","2025-02-07","11638","19851432150","","","","","","","","","","0","9999-500139066-00006","通过","","","","","","","","","0",{"v":0,"d":"0.000"},"贺芃","周湛青","","",""]
["false","2502L00043","姜煜","14","市-已审批-不平衡利库","","500026707","钢芯铝绞线,JL/G1A,400/35","2","无","装置性材料","导、地线","钢芯铝绞线","吨","110kV","","G1402001","1",{"v":4.18,"d":"4.180"},"16011613","20",null,null,"2025-02-11",null,null,"SG2504","国家电网有限公司2025年第十三批采购（输变电项目第二次线路装置性材料招标采购）","总部直接组织实施","招标采购","","ZPA","JSEPC项目物资采购计划","411051240015","国网江苏镇江丹阳110kV丹联726线24#拉线塔修理","4110512400150010000000","国网江苏镇江丹阳110kV丹联726线24#拉线塔修理","(空)","B1","生产方向","Z212","电网检修专项-输电检修","修理","/","","02","省网","","02","成本性","镇江","B","专项成本性项目","01L1","丹阳市供电公司/国网",null,{"v":20905,"d":"20,905.00"},{"v":87382.9,"d":"87,382.90"},"2025-09-07","材料站现场车板交货","","","","2025-02-07","2025-02-07","11638","19851432150","","","","","","","","","","0","9999-500026707-00002","通过","","","","","","","","","0",{"v":0,"d":"0.000"},"贺芃","周湛青","","",""]
["false","2502L00044","姜煜","14","市-已审批-不平衡利库","","500120805","110kV导线耐张通用,1ND21Y-0040-07P(H)","20","400/35","装置性材料","线路金具串","110kV导线耐张通用","套","110kV","","G1411062","1",{"v":24,"d":"24.000"},"16011613","30",null,null,"2025-02-11",null,null,"SG2504","国家电网有限公司2025年第十三批采购（输变电项目第二次线路装置性材料招标采购）","总部直接组织实施","招标采购","","ZPA","JSEPC项目物资采购计划","411051240015","国网江苏镇江丹阳110kV丹联726线24#拉线塔修理","4110512400150010000000","国网江苏镇江丹阳110kV丹联726线24#拉线塔修理","(空)","B1","生产方向","Z212","电网检修专项-输电检修","修理","/","","02","省网","","02","成本性","镇江","B","专项成本性项目","01L1","丹阳市供电公司/国网",null,{"v":518,"d":"518.00"},{"v":12432,"d":"12,432.00"},"2025-09-07","材料站现场车板交货","","","","2025-02-07","2025-02-07","11638","19851432150","","","","","","","","","","0","9977-500120805-00007","通过","","","","","","","","","0",{"v":0,"d":"0.000"},"贺芃","周湛青","","",""]
["false","2502L00045","姜煜","14","市-已审批-不平衡利库","","500120805","110kV导线耐张通用,1ND21Y-0040-07P(H)","23","185/30","装置性材料","线路金具串","110kV导线耐张通用","套","110kV","","G1411062","1",{"v":6,"d":"6.000"},"16011613","40",null,null,"2025-02-11",null,null,"SG2504","国家电网有限公司2025年第十三批采购（输变电项目第二次线路装置性材料招标采购）","总部直接组织实施","招标采购","","ZPA","JSEPC项目物资采购计划","411051240015","国网江苏镇江丹阳110kV丹联726线24#拉线塔修理","4110512400150010000000","国网江苏镇江丹阳110kV丹联726线24#拉线塔修理","(空)","B1","生产方向","Z212","电网检修专项-输电检修","修理","/","","02","省网","","02","成本性","镇江","B","专项成本性项目","01L1","丹阳市供电公司/国网",null,{"v":518,"d":"518.00"},{"v":3108,"d":"3,108.00"},"2025-09-07","材料站现场车板交货","","","","2025-02-07","2025-02-07","11638","19851432150","","","","","","","","","","0","9977-500120805-00002","通过","","","","","","","","","0",{"v":0,"d":"0.000"},"贺芃","周湛青","","",""]
["false","2502L00046","姜煜","15","市-退回","核实不需要重锤片及铝包带","500120823","110kV导线跳线通用,1TD-00-07H(P)Z","15","400/35","装置性材料","线路金具串","110kV导线跳线通用","套","110kV","","G1411053","1",{"v":18,"d":"18.000"},"16011613","50",{"$nulls":4},"2025-02-10","SG2504","国家电网有限公司2025年第十三批采购（输变电项目第二次线路装置性材料招标采购）","总部直接组织实施","招标采购","","ZPA","JSEPC项目物资采购计划","411051240015","国网江苏镇江丹阳110kV丹联726线24#拉线塔修理","4110512400150010000000","国网江苏镇江丹阳110kV丹联726线24#拉线塔修理","(空)","B1","生产方向","Z212","电网检修专项-输电检修","修理","/","","02","省网","","02","成本性","镇江","B","专项成本性项目","01L1","丹阳市供电公司/国网",null,{"v":215,"d":"215.00"},{"v":3870,"d":"3,870.00"},"2025-09-07","材料站现场车板交货","","","","2025-02-07","2025-02-07","11638","19851432150","","","","","","","","","","0","9977-500120805-00007","通过","","","","","","","","","0",{"v":0,"d":"0.000"},"贺芃","","","",""]
["false","2502L00047","姜煜","14","市-已审批-不平衡利库","","500121229","地线耐张通用,BN2X-G-07","5","GJ-50","装置性材料","线路金具串","地线耐张通用","套","110kV","","G1411058","1",{"v":8,"d":"8.000"},"16011613","60",null,null,"2025-02-11",null,null,"SG2504","国家电网有限公司2025年第十三批采购（输变电项目第二次线路装置性材料招标采购）","总部直接组织实施","招标采购","","ZPA","JSEPC项目物资采购计划","411051240015","国网江苏镇江丹阳110kV丹联726线24#拉线塔修理","4110512400150010000000","国网江苏镇江丹阳110kV丹联726线24#拉线塔修理","(空)","B1","生产方向","Z212","电网检修专项-输电检修","修理","/","","02","省网","","02","成本性","镇江","B","专项成本性项目","01L1","丹阳市供电公司/国网",null,{"v":77,"d":"77.00"},{"v":616,"d":"616.00"},"2025-09-07","材料站现场车板交货","","","","2025-02-07","2025-02-07","11638","19851432150","","","","","","","","","","0","9977-500121186-00002","通过","","","","","","","","","0",{"v":0,"d":"0.000"},"贺芃","周湛青","","",""]
["false","2502L00048","姜煜","14","市-已审批-不平衡利库","","500122814","交流棒形悬式复合绝缘子,FXBW-110/70-3,1440,3520","14","伞形结构为一大一小大小伞,配重均压环和防鸟害均压环","装置性材料","绝缘子","交流棒形悬式复合绝缘子","支","110kV","","G1405033","1",{"v":18,"d":"18.000"},"16011613","70",null,null,"2025-02-11",null,null,"SG2504","国家电网有限公司2025年第十三批采购（输变电项目第二次线路装置性材料招标采购）","总部直接组织实施","招标采购","","ZPA","JSEPC项目物资采购计划","411051240015","国网江苏镇江丹阳110kV丹联726线24#拉线塔修理","4110512400150010000000","国网江苏镇江丹阳110kV丹联726线24#拉线塔修理","(空)","B1","生产方向","Z212","电网检修专项-输电检修","修理","/","","02","省网","","02","成本性","镇江","B","专项成本性项目","01L1","丹阳市供电公司/国网",null,{"v":145,"d":"145.00"},{"v":2610,"d":"2,610.00"},"2025-09-07","材料站现场车板交货","","","","2025-02-07","2025-02-07","11638","19851432150","","","","","","","","","","0","9999-500122814-00004","通过","","","","","","","","","0",{"v":0,"d":"0.000"},"贺芃","周湛青","","",""]
["false","2502L00049","姜煜","14","市-已审批-不平衡利库","","500122793","交流盘形悬式瓷绝缘子,U70BP/146D,280,450","1","无","装置性材料","绝缘子","交流盘形悬式瓷绝缘子","片","110kV","","G1405025","1",{"v":540,"d":"540.000"},"16011613","80",null,null,"2025-02-11",null,null,"SG2504","国家电网有限公司2025年第十三批采购（输变电项目第二次线路装置性材料招标采购）","总部直接组织实施","招标采购","","ZPA","JSEPC项目物资采购计划","411051240015","国网江苏镇江丹阳110kV丹联726线24#拉线塔修理","4110512400150010000000","国网江苏镇江丹阳110kV丹联726线24#拉线塔修理","(空)","B1","生产方向","Z212","电网检修专项-输电检修","修理","/","","02","省网","","02","成本性","镇江","B","专项成本性项目","01L1","丹阳市供电公司/国网",null,{"v":93,"d":"93.00"},{"v":50220,"d":"50,220.00"},"2025-09-07","材料站现场车板交货","","","","2025-02-07","2025-02-07","11638","19851432150","","","","","","","","","","0","9999-500122793-00001","通过","","","","","","","","","0",{"v":0,"d":"0.000"},"贺芃","周湛青","","",""]